Quizzes
Events
Quiz Creation
Community
Videos
Private Events
Remove Ads
Sign In
Join for FREE
Feedback
Dark Mode
Quiz Categories
Sports
Geography
Music
Movies
Television
Just For Fun
Miscellaneous
History
Literature
Language
Science
Gaming
Entertainment
Religion
Holiday
For Kids
Quiz Lab
Recent
Popular Today
Quiz Kudos Today
Editor Picks
Curator Picks
Quizzes by...
Day
Popularity
Type
Ratings
Length
Year
Community
Subscriptions
Recent Discussions
Orange Saloon
Badges
Playlists
Quests
Create
Leaderboards
Showdown
Live 5
Trivia Bingo
Activity
Puzzle Library
Sporcle Events
Private Events
Virtual Trivia
Globe League
Become a Host
Pub Owners
SporcleCon
Opinionation
Our Games
Videos
Blog
Mobile Apps
Partnerships
Remove Ads and Go Orange
Feedback
Music
Pop Music
The Beatles
Song
Album
Lyrics
Bands
Singers
Artist
Clip
Rock
Rap
Classical
Billboard
Country Music
Kpop
Taylor Swift
Music
Pop Music
The Beatles
Song
Album
Lyrics
Bands
Singers
Artist
Clip
Rock
Rap
Classical
Billboard
Country Music
Kpop
Taylor Swift
Random Quiz
Search Sporcle
×
Quiz Lab
Quiz Lab
Music
Famous
Type in answers that appear in a list
Type in answers that appear in a list
Classic
Best Score? Go Orange.
Who Sings These Famous Songs? Stats
Can you name the Who Sings These Famous Songs??
By
Brigid
5m
30 Questions
635 Plays
635 Plays
635 Plays
Comments
Comments
Give Quiz Kudos
Give Quiz Kudos
-
- Ratings
hide this ad
Random Order
Randomize order of answers
Randomize order of answers
Replay
Link that replays current quiz
Next Quiz
Link to next quiz in quiz playlist
You Got
0%
They Got
Avg Score
62%
Avg Friend Score
Upgrade to see
Score Distribution
Jump to the score distribution portion of the page
Score
0/30
Timer
05:00
0
Plays Today
Song
Singer
% Correct
Thriller
Michael Jackson
91.5%
Oops, I Did it Again
Britney Spears
87.6%
Don't Stop Believin'
Journey
86.3%
Dancing Queen
ABBA
85.7%
Living on a Prayer
Bon Jovi
85.5%
Let it Be
The Beatles
83.3%
Imagine
John Lennon
82.5%
Hollaback Girl
Gwen Stefani
81.4%
Bad Romance
Lady Gaga
79.8%
Respect
Aretha Franklin
79.7%
My Heart Will Go On
Celine Dion
79.5%
I Will Always Love You
Whitney Houston
73.9%
Genie in a Bottle
Christina Aguilera
72.4%
Man! I Feel Like a Woman
Shania Twain
70.4%
Girls Just Want to Have Fun
Cyndi Lauper
69.6%
Song
Singer
% Correct
Sweet Caroline
Neil Diamond
64.7%
All Star
Smash Mouth
63.1%
Love Me Tender
Elvis Presley
62.2%
If I Could Turn Back Time
Cher
56.2%
What a Wonderful World
Louis Armstrong
55.3%
Fly Me to the Moon
Frank Sinatra
54%
Over the Rainbow
Judy Garland
53.2%
Wind Beneath My Wings
Bette Midler
47.4%
Proud Mary
Ike and Tina Turner
46.6%
Jesus Take the Wheel
Carrie Underwood
46.5%
Spoonful of Sugar
Julie Andrews
40.9%
That's Amore
Dean Martin
31.3%
I'll Be There For You
Rembrandts
26%
Don't Rain on My Parade
Barbra Streisand
15%
Y.M.C.A.
Villiage People
9.9%
Quiz Playlist
Details
Report
Send in Message
Add To Playlist
Classic:
Type in answers that appear in a list
Random Order:
Randomize order of answers
Last Updated: Feb 16, 2017
Quiz Scoreboard
CHALLENGE
Sign Up to Join the Scoreboard
Show All
Scores
Hide
Comments
May contain spoilers
Recently Published
Presidents Visiting Landmarks
by Hejman
History
7m
An Introduction to Baseball
by treessimontrees
Sports
5m
Movies - When Are They Set?
by FPL_Elf
Movies
5m
More to Explore
Quiz From the Vault
Featured Blog Post
Where Did the Easter Bunny Come From?
hide this ad
You Might Also Like...
Tags
Famous Quiz
Singers Quiz
Song Quiz
Sing
Today's Top Quizzes in Music
Browse Music
hide this ad
Today's Top Quizzes in Famous
Browse Famous
Top Contributed Quizzes in Music
1
Taylor Swift All Songs (2024)
2
Guess the Artist- 70s Songs
3
One Thing in Common: Music
4
KPOP LOGIC QUIZ
5
2010s Album by Cover III
6
Taylor Swift Logic Puzzle
7
Guess the Taylor Swift song (Mystery Song)
8
7-to-1: Billboard Hot 100 #1 Hits of 2010s
9
2010s Album by Cover IV
10
2010s Album by Cover V
Explore More
Trending Topics
Kpop
Anime
Disney
Crossword
Marvel
Harry Potter
NBA
Country
Puzzle
WWE
NFL
Pokémon
The Office
Song
Soccer
hide this ad
More By:
Brigid
Quiz
Plays
Rating
Category
Featured
Created
Figure Out the TV Lyrics
372
3.75
Television
Apr 7, 2011
Name the TV Character
130
2.25
Television
Jul 2, 2010
Musical and Movie
94
1.00
Music
Jul 3, 2010
Name the TV Housewife
60
Television
Jul 12, 2010
It's all Relative
41
2.00
Entertainment
Dec 20, 2011
Go to Creator's Profile
Score Distribution
Quiz Creator Spotlight
Brigid
Follow
Send a Message
Quizzes Created
-
Created Quiz Play Count
-
More By This Creator
Popular Quizzes Today
1
Find the Countries of Europe - No Outlines Minefield
2
Find the US States - No Outlines Minefield
3
The Countries of the World
4
Popular People in 1961
5
Find the US States
6
US States
7
Risky Map Clicking: Biggest States A-Z
8
1-10 Letter E Words III
More Music Quizzes
Lyrics: 'The Bitch Is Back' - Elton John
Quiz Lab
Trending Quizzes
Risky Map Clicking: Least Populous States A-Z
1-10 Letter F Words
1-10 Letter G Words
One Thing in Common: United Kingdom
Risky Map Clicking: Next State Alphabetically
Recently Updated
Leaping Animals
pecheneg
Reality TV Shows (A-Z)
bhenderson79
Rickey Henderson's Hall of Fame Teammates
pecheneg
Champions League XIs: Arsenal
pecheneg
Quick Pick: Celebrities in WWE's Hall of Fame
aduchscher
A-Z Keypad Blitz II
pecheneg
Multiple Oscar Actors
pecheneg
Mystery Phrase Blitz: Oscar 'Best Actors'
pecheneg
F. Scott Fitzgerald Novels
LTH
Pick 3 Villains
ddd62291
Trending Topics
Crossword
Kpop
Anime
Disney
Harry Potter
Marvel
NBA
The Office
Country
Pokémon
Puzzle
NFL
Soccer
Song
WWE
Your Account Isn't Verified!
In order to create a playlist on Sporcle, you need to verify the email address you used during registration. Go to your
Sporcle Settings
to finish the process.
Report this User
Report this user for behavior that violates our
Community Guidelines
.
Details:
Send Report
Go to the Sporcle.com Mobile Site →
Comments